Hacke das Quiz #1 - Statistiken

Allgemein
  • Dieses Quiz wurde 103 mal gespielt
  • Das Durchschnittsergebnis liegt bei 14 aus 32
Antwortstatistiken
% Korrekt
13
74%
23
71%
24
71%
15
67%
22
60%
32
60%
11
57%
20
57%
19
56%
54
56%
01
54%
46
54%
02
51%
36
51%
03
47%
37
46%
57
46%
68
40%
62
39%
74
39%
81
39%
75
35%
84
35%
72
32%
60
28%
76
28%
96
26%
95
25%
Adler
17%
Erfurt
13%
Neckar
11%
Indonesien
3%
Keine übereinstimmenden Quizze gefunden
Verteilung der Resultate
Anzahl Personen mit jedem Resultat
Perzentil nach korrekt beantworteten Fragen
Ihre Resultats-Entwicklung
Sie haben dieses Quiz noch nicht gespielt